| 000 | 00472nam a2200169Ia 4500 | ||
|---|---|---|---|
| 003 | GCL | ||
| 008 | 140319s9999 xx 000 0 ara d | ||
| 040 |
_aGCL / _cGCL |
||
| 082 | 0 | 4 |
_a820 _bع ن |
| 245 | 1 | 0 | _aنوافذ |
| 260 |
_aالرياض : _bالنادى الادبى الثقافى |
||
| 300 |
_a332 ص ؛ _c16 سم |
||
| 650 | 0 | 4 | _aالقصص القصيرة |
| 650 | 0 | 4 | _aالمترجمات |
| 650 | 0 | 4 | _aالادب العالمى المترجم |
| 942 |
_2ddc _cBK |
||
| 999 |
_c6949 _d6949 |
||